U.S. States With Highest Percentage of Each Ethnicity - Statistics

General Stats
  • This quiz has been taken 155 times
    145 since last reset
  • The average score is 17 of 38
Answer Stats
Ethnicity/Nationality Percentage State % Correct
Mexican 33.7% Texas
95%
African-American 36.6% Mississippi
89%
Native American/Alaskan 17% Alaska
81%
Filipino 25.2% Hawaii
79%
French 25.0% Maine
79%
Cuban 7.4% Florida
78%
Japanese 23% Hawaii
78%
Norweigan 22.5% North Dakota
69%
Swedish 7.0% Minnesota
66%
Italian 16.5% Connecticut
62%
German 37.8% Wisconsin
57%
Vietnamese 1.7% California
54%
Hatian 2.9% Florida
53%
Chinese 4.0% Hawaii
53%
Korean 3.6% Hawaii
53%
Jamaican 1.6% New York
50%
Arab 2.1% Michigan
49%
Portuguese 8.0% Rhode Island
49%
English 24.1% Utah
48%
Irish 20.6% New Hampshire
43%
Puerto Rican 8.5% Connecticut
40%
Colombian 4.2% Florida
37%
Polish 8.2% Wisconsin
37%
Finnish 1.8% Minnesota
36%
Indian 4.6% New Jersey
36%
Spaniard 4.5% New Mexico
36%
Dominican 5.1% Rhode Island
29%
Brazillian 1.2% Massachusetts
19%
Czech 5.5% Nebraska
19%
Scottish 4.5% Maine
18%
Salvadoran 3.3% Maryland
16%
Hungarian 1.6% Ohio
14%
Danish 4.2% Utah
12%
Greek 1.4% Massachusetts
11%
Dutch 4.3% South Dakota
11%
Russian 2.5% North Dakota
8%
Welsh 1.7% Utah
7%
Guatemalan 1.8% Rhode Island
5%
No matching quizzes found
Score Distribution
Percent of People with Each Score
Percentile by Number Answered
Your Score History
You have not taken this quiz since the last reset